International Airports in Turkiye- Sudden Death - Statistics

General Stats
  • This quiz has been taken 101 times
  • The average score is 7 of 10
Answers on the Grid
Answers color-coded by a green-red scale on the quiz's grid according to % correct below.
Istanbul Airport, Istanbul (IST)
Ankara Esenboğa Airport, Ankara (ESB)
Iğdır Airport, Iğdır (IGD)
Dalaman Airport, Dalaman [DLM]
Ağrı Ahmed-i Hani Airport, Ağrı (AJI)
İzmir Adnan Menderes Airport, İzmir (ADB)
Kayseri Erkilet Airport, Kayseri [ASR]
Antalya Airport, Antalya (AYT)
Batman Airport, Batman [BAL]
Hatay Airport, Hatay (HTY)
Mardin Airport, Mardin (MQM)
Ordu-Giresun Airport, Ordu (OGU)
Samsun Çarşamba Airport, Samsun (SZF)
Çukurova Airport, Adana (COV)
Milas–Bodrum Airport, Bodrum (BJV)
Van Ferit Melen Airport, Van (VAN)
 
Answer Stats
Answer % Correct
Istanbul Airport, Istanbul (IST)
97%
Ankara Esenboğa Airport, Ankara (ESB)
86%
İzmir Adnan Menderes Airport, İzmir (ADB)
83%
Antalya Airport, Antalya (AYT)
82%
Dalaman Airport, Dalaman [DLM]
75%
Milas–Bodrum Airport, Bodrum (BJV)
63%
Çukurova Airport, Adana (COV)
54%
Samsun Çarşamba Airport, Samsun (SZF)
51%
Kayseri Erkilet Airport, Kayseri [ASR]
47%
Ordu-Giresun Airport, Ordu (OGU)
36%
No matching quizzes found
Score Distribution
Percent of People with Each Score
Percentile by Number Answered
Your Score History
You have not taken this quiz